<?xml version="1.0" encoding="UTF-8"?>
<collection xmlns="http://www.loc.gov/MARC21/slim">
 <record>
  <leader>01348pam a22002418a 4500</leader>
  <controlfield tag="001">00022919</controlfield>
  <controlfield tag="005">20171026081022.0</controlfield>
  <controlfield tag="008">110607s2007                  ||||||Viesd</controlfield>
  <datafield tag="041" ind1="0" ind2="#">
   <subfield code="a">Vie</subfield>
  </datafield>
  <datafield tag="082" ind1="1" ind2="4">
   <subfield code="a">807</subfield>
   <subfield code="b">M126V</subfield>
  </datafield>
  <datafield tag="100" ind1="0" ind2="#">
   <subfield code="a">Trần Đình Chung</subfield>
  </datafield>
  <datafield tag="245" ind1="0" ind2="0">
   <subfield code="a">Mấy vấn đề về giảng dạy môn phương pháp dạy học ngữ văn trong chương trình CĐSP mới</subfield>
   <subfield code="b">Sách trợ giúp giảng viên CĐSP</subfield>
   <subfield code="c">Trần Đình Chung</subfield>
  </datafield>
  <datafield tag="260" ind1="#" ind2="#">
   <subfield code="a">H.</subfield>
   <subfield code="b">ĐH Sư phạm</subfield>
   <subfield code="c">2007</subfield>
  </datafield>
  <datafield tag="300" ind1="#" ind2="#">
   <subfield code="a">280 tr.</subfield>
   <subfield code="c">24 cm.</subfield>
  </datafield>
  <datafield tag="500" ind1="#" ind2="#">
   <subfield code="a">Đầu bìa sách ghi : Bộ giáo dục và đào tạo. Dự án đào tạo giảng viên THCS</subfield>
  </datafield>
  <datafield tag="653" ind1="#" ind2="#">
   <subfield code="a">Giảng dạy</subfield>
  </datafield>
  <datafield tag="653" ind1="#" ind2="#">
   <subfield code="a">Phương pháp giảng dạy</subfield>
  </datafield>
  <datafield tag="852" ind1="#" ind2="#">
   <subfield code="b">Kho giáo trình</subfield>
   <subfield code="j">KGT.0024028, KGT.0024029, KGT.0024030, KGT.0024031, KGT.0024032, KGT.0024033, KGT.0024034, KGT.0024035, KGT.0024036, KGT.0024037, KGT.0024038, KGT.0024039, KGT.0024040</subfield>
  </datafield>
  <datafield tag="852" ind1="#" ind2="#">
   <subfield code="b">Kho mượn</subfield>
   <subfield code="j">KGT.0024032</subfield>
  </datafield>
  <datafield tag="852" ind1="#" ind2="#">
   <subfield code="b">Kho đọc</subfield>
   <subfield code="j">KD.0009289</subfield>
  </datafield>
  <datafield tag="852" ind1="#" ind2="#">
   <subfield code="j">KGT.0024033</subfield>
   <subfield code="j">KGT.0024034</subfield>
   <subfield code="j">KGT.0024035</subfield>
   <subfield code="j">KGT.0024036</subfield>
   <subfield code="j">KGT.0024038</subfield>
   <subfield code="j">KGT.0024040</subfield>
   <subfield code="j">KGT.0024029</subfield>
   <subfield code="j">KGT.0024030</subfield>
   <subfield code="j">KGT.0033247</subfield>
   <subfield code="j">KD.0009289</subfield>
   <subfield code="j">KGT.0024028</subfield>
   <subfield code="j">KGT.0024031</subfield>
   <subfield code="j">KGT.0024032</subfield>
   <subfield code="j">KGT.0024037</subfield>
   <subfield code="j">KGT.0024039</subfield>
  </datafield>
  <datafield tag="910" ind1="0" ind2="#">
   <subfield code="a">ngọc</subfield>
   <subfield code="d">07/06/2011</subfield>
  </datafield>
  <datafield tag="980" ind1="#" ind2="#">
   <subfield code="a">Trung tâm Học liệu Lê Vũ Hùng, Trường Đại học Đồng Tháp</subfield>
  </datafield>
 </record>
</collection>
